000
00331 a2200157 4500
001
179387
020
_a
040
_c
Magnum
100
_a
Junqueira, Sonia
240
1
0
_a
Seu jose perdeu o bone
_l
por
245
1
0
_a
Seu jose perdeu o bone
362
0
_a
1899
440
1
_a
Moderna
697
_a
MAGNITO: IJ/GERAL
942
_c
BK
999
_c
179387
_d
179387